000 00637cam a22002293a 4500
001 32435
003 PGUSA
005 20140828083713.0
008 100519s2010||||xxu|||||s|||||000 | eng d
040 _aPGUSA
_beng
042 _adc
050 4 _aPE
100 1 _aMeredith, L. P.
245 1 0 _aEvery-Day Errors of Speech
_h[electronic resource] /
_cL. P. Meredith
260 _bProject Gutenberg,
_c2010
506 _aPublic domain in the USA.
516 _aElectronic text
653 _aEnglish language -- Errors of usage
830 0 _aProject Gutenberg
_v32435
856 4 0 _uhttp://www.gutenberg.org/ebooks/32435
942 _cEB
999 _c261690
_d261690